A New silane for future requirements: Lower rolling resistance, lower VOCs (Record no. 53448)

MARC details
000 -LEADER
fixed length control field 00455nam a2200169Ia 4500
100 ## - MAIN ENTRY--AUTHOR NAME
Personal name Klockmann Oliver
245 #2 - TITLE STATEMENT
Title A New silane for future requirements: Lower rolling resistance, lower VOCs
260 ## - PUBLICATION, DISTRIBUTION, ETC. (IMPRINT)
Name of publisher Rubber World
Year of publication 2006
300 ## - PHYSICAL DESCRIPTION
Number of Pages 36-40
650 ## - SUBJECT ADDED ENTRY--TOPICAL TERM
Topical Term Rolling resistance
650 ## - SUBJECT ADDED ENTRY--TOPICAL TERM
Topical Term Silane
700 ## - ADDED ENTRY--PERSONAL NAME
Personal name Albert Philipp
700 ## - ADDED ENTRY--PERSONAL NAME
Personal name Hasse Andre
700 ## - ADDED ENTRY--PERSONAL NAME
Personal name Korth Karsten
942 ## - ADDED ENTRY ELEMENTS (KOHA)
Koha item type Journals
Holdings
Withdrawn status Lost status Damaged status Not for loan Home library Current library Shelving location Date acquired Serial Enumeration / chronology Koha item type
      Journals RRII Library RRII Library Rubber chemistry 01/01/2021 Volume 234, Issue 5 Journals